| 000 | 01040cab a2200277 4500 | ||
|---|---|---|---|
| 001 | ABS49219 | ||
| 008 | 090401t1993 xxu||||| |||| 00| 0 eng d | ||
| 035 | _a(Sirsi) u70382 | ||
| 041 | _aeng | ||
| 100 | _aYoung, E. | ||
| 245 | _aPlanning appeals: written submissions | ||
| 260 | _c1993 | ||
| 350 | _a0 | ||
| 490 |
_aJournal of the Law Society of Scotland _v38(8) August 1993, 312-315(4) |
||
| 520 | _aConsiders in broad terms some of the issues relevant to the written submissions procedure and outlines the main provisions of the regulations which now govern that procedure. References. | ||
| 650 | _aPLANNING APPEALS | ||
| 650 | _aSITE INSPECTION | ||
| 650 | _aTIME LIMITS | ||
| 650 | _aTOWN AND COUNTRY PLANNING (APPEALS)(WRITTEN SUBMISSIONS PROCEDURE)(SCO | ||
| 650 | _aTOWN AND COUNTRY PLANNING (GENERAL DEVELOPMENT PROCEDURE)(SCOTLAND) OR | ||
| 650 | _aTOWN AND COUNTRY PLANNING (SCOTLAND) ACT 1972 | ||
| 650 | _aWRITTEN SUBMISSIONS | ||
| 690 | _aPLANNING LAW AND PRACTICE | ||
| 942 | _n0 | ||
| 948 | _c04/03/1997 | ||
| 999 |
_c44257 _d44257 |
||